Faktory ovplyvňujúce nákupné správanie a rozhodovanie spotrebiteľov bakalárska práca

Uložené v:
Podrobná bibliografia
Hlavný autor: Kolisnyková, Iveta
Korporativný autor: Obchodná fakulta EU. Katedra marketingu
Ďalší autori: Folvarčíková, Lucia, 1982-
Médium: Kniha
Jazyk:Slovak
Vydavateľské údaje: Bratislava 2011
Tagy: Pridať tag
Žiadne tagy, Buďte prvý, kto otaguje tento záznam!

MARC

LEADER 00000nbm a2200000 4500
001 0132021
005 20161109111426.6
041 0 |a slo 
044 |a SK 
245 1 0 |a Faktory ovplyvňujúce nákupné správanie a rozhodovanie spotrebiteľov  |b bakalárska práca  |c Iveta Kolisnyková ; školiteľ: Lucia Folvarčíková 
264 1 |a Bratislava  |c 2011 
300 |a 54 s. 
100 1 |a Kolisnyková, Iveta 
700 1 |a Folvarčíková, Lucia, 1982- 
710 2 |a Obchodná fakulta EU. Katedra marketingu